| 000 | 01852cam a2200445 4500 | ||
|---|---|---|---|
| 002 | 7143 | ||
| 008 | 040510n2003 000 0 eng u | ||
| 020 | _a0754522474 | ||
| 035 | _a(Sirsi) u126151 | ||
| 041 | _aeng | ||
| 050 |
_a344.410465 _c18 |
||
| 100 | _aBateman, Michael | ||
| 245 | _aTolleys practical risk assessment handbook | ||
| 250 | _a4th ed. | ||
| 260 |
_aCroydon _bLexisNexis Tolley _c2003 |
||
| 300 |
_aviii, 393p. _c23cm. |
||
| 350 | _a57.95 | ||
| 505 | _aWhat the Management of Health and Safety at Work Regulations 1999 require | ||
| 505 | _aSpecial cases | ||
| 505 | _aCarrying out risk assessments | ||
| 505 | _aAssessment records | ||
| 505 | _aModel risk assessments | ||
| 505 | _aSpecialised risk assessment techniques | ||
| 505 | _aImplementation of precautions | ||
| 505 | _aControl of Substances Hazardous to Health (COSHH) Regulations assessments | ||
| 505 | _aNoise assessment | ||
| 505 | _aAssessment of manual handling | ||
| 505 | _aAssessment of display screen equipment workstations | ||
| 505 | _aAssessment of Personal Protective Equipment requirements | ||
| 505 | _aFire and dangerous substances assessments | ||
| 505 | _aAssessment of risks from asbestos in premises | ||
| 505 | _aRisk assessment related concepts | ||
| 505 | _aAssessing and managing risk - can you afford not to? | ||
| 520 | _aThe fourth edition of this practical handbook contains all the necessary information for planning and conducting effective risk assessments in the workplace. Includes worked examples, checklists, case studies and model risk assessments/procedures. Tables of cases, statutes, statutory instruments and European legislation. | ||
| 650 | _aRISK ASSESSMENTS | ||
| 650 | _aHEALTH AND SAFETY AT WORK | ||
| 650 | _aRISK MANAGEMENT | ||
| 690 |
_aHealth and safety _96244 |
||
| 942 | _n0 | ||
| 999 |
_c103571 _d103571 |
||